| 000 | 01083nam a2200337 4500 | ||
|---|---|---|---|
| 999 |
_c5079 _d5079 |
||
| 001 | 5079 | ||
| 003 | BD-JhCC | ||
| 005 | 20171209132137.0 | ||
| 008 | 840413s1985 coua b 001 0 eng d | ||
| 020 |
_a0865318352 (pbk.) : _c21.50 |
||
| 035 | _aMITb10221380 | ||
| 035 | _a(BD-JhCC)5079 | ||
| 035 | _aGLIS00221380 | ||
| 040 |
_aBD-JhCC _cDLC _dBD-JhCC |
||
| 041 | _aeng | ||
| 050 | 0 |
_aTJ163.25.M6 _bM47 1985 |
|
| 082 |
_bMEX 1985 _a333.790972 |
||
| 099 | _aTJ163.25.M6.M47 1985 | ||
| 245 | 0 | 0 |
_aMexico's energy resources : _btoward a policy of diversification / _cedited by Miguel S. Wionczek and Ragaei El Mallakh. |
| 260 |
_aBoulder : _bWestview Press, _c1985. |
||
| 300 |
_ax, 176 p. : _bill. ; _c23 cm. |
||
| 490 | 1 | _aWestview replica edition | |
| 504 | _aIncludes bibliographies and index. | ||
| 650 | 0 |
_aPower resources _zMexico. |
|
| 650 | 0 |
_aEnergy policy _zMexico. |
|
| 700 | 1 | _aWionczek, Miguel S. | |
| 700 | 1 |
_aEl Mallakh, Ragaei, _d1925-1987. |
|
| 830 | 0 | _aWestview replica edition. | |
| 942 |
_2ddc _cBK |
||